🇵🇱 Drogowskazy #1 - Statystyki

Ogólne statystyki
  • Ten quiz został rozwiązany 47 razy
  • Średni wynik to 7 z 16
Statystyki odpowiedzi
Obrazkowy Odpowiedź % Poprawnych
Warszawa (Most Siekierkowski)
94%
Słupsk (ul. Portowa)
78%
Szczecin (ul. Narutowicza)
75%
Grudziądz (ul. Gdyńska)
63%
Gniezno (ul. Poznańska)
47%
Mielec (al. Kwiatkowskiego)
47%
Pruszków (al. Jerozolimskie)
41%
Reda (ul. Wejherowska)
41%
Hrubieszów (ul. Zamojska)
38%
Rypin (ul. Mławska)
38%
Sieradz (ul. Sienkiewicza)
38%
Będzin (rondo Nerka)
25%
Kozienice (ul. Lubelska)
25%
Leżajsk (ul. Władysława Jagiełły)
25%
Nysa (ul. Grodkowska)
16%
Rzgów (ul. Pabianicka)
16%
Nie znaleziono quizów pasujących do podanych kryteriów
Rozkład punktacji
Procent ludzi z każdym wynikiem
Percentyl według liczby udzielonych odpowiedzi
Twoja historia wyników
Nie rozwiązałeś tego quizu